000 00515nam a2200181Ia 4500
005 20250508154701.0
008 008 250505s9999 xx 000 0 eng d
037 _aTextual
040 _aFEDL
_beng
_cFEDL
041 _aeng
_2eng
084 _a820, IYE
_qFEDL
100 _aIyengar K R Srinivasa
245 0 _aIntroducation to the study of english literature
260 _aBombay, India
_bAsia Publishing House
_c1966
300 _a296p.
942 _cTEXL
_h820, IYE
999 _c1351584
_d1351584